Harry Potter and the prisoner of Azkaban / (Record no. 599817)
[ view plain ]
| 000 -LEADER | |
|---|---|
| fixed length control field | 00341nam a2200121Ia 4500 |
| 008 - FIXED-LENGTH DATA ELEMENTS--GENERAL INFORMATION | |
| fixed length control field | 230907s9999||||xx |||||||||||||| ||und|| |
| 082 ## - DEWEY DECIMAL CLASSIFICATION NUMBER | |
| Classification number | 823.914 |
| Author Mark | ROW |
| 100 ## - MAIN ENTRY--PERSONAL NAME | |
| Personal name | Rowling, J. K. |
| 9 (RLIN) | 11309 |
| 245 #0 - TITLE STATEMENT | |
| Title | Harry Potter and the prisoner of Azkaban / |
| 260 ## - PUBLICATION, DISTRIBUTION, ETC. | |
| Place of publication, distribution, etc. | Bloomsbury, |
| Name of publisher, distributor, etc. | New York : |
| Date of publication, distribution, etc. | 2014 |
| 650 ## - SUBJECT ADDED ENTRY--TOPICAL TERM | |
| Topical term or geographic name entry element | English Literature |
| 9 (RLIN) | 318 |
| 942 ## - ADDED ENTRY ELEMENTS (KOHA) | |
| Koha item type | Book |
| Withdrawn status | Lost status | Damaged status | Not for loan | Permanent Location | Current Location | Date acquired | Total Checkouts | Full call number | Barcode | Date last seen | Price effective from | Koha item type |
|---|---|---|---|---|---|---|---|---|---|---|---|---|
| US-Pakistan Center for Advanced Studies in Energy (USPCAS-E) | US-Pakistan Center for Advanced Studies in Energy (USPCAS-E) | 09/12/2019 | 823.914 ROW | CAS-E0003916 | 09/12/2023 | 09/12/2023 | Book |
